| 000 | 00693nam a2200289Ia 4500 | ||
|---|---|---|---|
| 005 | 20260324142046.0 | ||
| 008 | 008 260324s9999 xx 000 0 eng d | ||
| 020 | _a9781315236032 | ||
| 037 | _aEBOOK | ||
| 040 | _aCRL | ||
| 040 | _beng | ||
| 040 | _cCRL | ||
| 041 | _2eng | ||
| 041 | _aeng | ||
| 084 | _qCRL | ||
| 100 |
_aPaul Kennedy; Colin Barker _91210530 |
||
| 245 | 0 | _aTo Make Another World | |
| 245 | 0 | _bStudies in Protest and Collective Action | |
| 260 | _bTaylor and Francis | ||
| 260 | _c1996 | ||
| 365 | _a | ||
| 365 | _b230 | ||
| 856 | _uhttp://www.taylorfrancis.com/books/9781315236032 | ||
| 942 | _cEBOOK | ||
| 999 |
_c1814288 _d1814288 |
||